Quiz o Rumunii - Statystyki

Ogólne statystyki
  • Ten quiz został rozwiązany 16 razy
  • Średni wynik to 8 z 15
Statystyki odpowiedzi
Pytanie odpowiedź % Poprawnych
Stolica Bukareszt
100%
Morze graniczące z Rumunią Czarne
86%
Rzeka przepływająca przez Granicę Rumunii i Bułgarii Dunaj
79%
Małe biedne państwo graniczące z Rumunią Mołdawia
79%
Organizacja do której Rumunia dołączyła w 2007 roku Unia Europejska
79%
Pasmo górskie na którym leży Rumunia Karpaty
71%
Pałac Parlamentu w Bukareszcie to jeden z __________ budynków na świecie pod względem powierzchni Największych
71%
Kraina historyczna leżąca w Rumunii. Kiedyś część Cesarstwa Austrii czy Austro-Węgier Transylwania
64%
Sport narodowy Rumunii Piłka nożna
57%
Waluta Lej
29%
Drugie największe miasto Kluż-Napoka
21%
Kraina historyczno-geograficzna która była częścią Rumunii w latach 1918-1944. Obecnie leży na terenach Ukrainy i Mołdawii Besarabia
14%
Kraina historyczna w Europie południowo-wschodniej która jest obecnie częścią Rumunii. Tak się też nazywa marka samochodów pochodząca z Rumunii Dacja
14%
Powierzchnia (w km2) 238 397
0%
Prezydent Klaus Iohannis
0%
Nie znaleziono quizów pasujących do podanych kryteriów
Rozkład punktacji
Procent ludzi z każdym wynikiem
Percentyl według liczby udzielonych odpowiedzi
Twoja historia wyników
Nie rozwiązałeś tego quizu